00620nam a2200169 a 450000100100000000500170001000800410002704000250006808200150009310000280010824500910013626000450022730000210027250000210029395201210031499900150043500000451220200929151442.0090723s1989 dr r 001 0 spa d aDO-SdBNPbspacBNPHU axxxbS265e1 aSavard, Raymundo91318913aEl espiritu santo les va a enseñar :bcatequesis de iniciación /cRaymundo Savard. aSanto Domingo :bAmigo del Hogar,c1989. a231 p. ;c22 cm. aIncluye índice 001054708PDaPDbPDcCTd2009-07-23iLF1l0oxxx S265ep4512-10r2020-06-25w2020-06-25yLFPDZPréstamo en sala c4321d4321